<?xml version="1.0" encoding="UTF-8"?><?xml-stylesheet type="text/xsl" href="static/style.xsl"?><OAI-PMH xmlns="http://www.openarchives.org/OAI/2.0/" xmlns:xsi="http://www.w3.org/2001/XMLSchema-instance" xsi:schemaLocation="http://www.openarchives.org/OAI/2.0/ http://www.openarchives.org/OAI/2.0/OAI-PMH.xsd"><responseDate>2026-04-17T05:52:22Z</responseDate><request verb="GetRecord" identifier="oai:www.recercat.cat:2445/16810" metadataPrefix="marc">https://recercat.cat/oai/request</request><GetRecord><record><header><identifier>oai:recercat.cat:2445/16810</identifier><datestamp>2025-11-20T14:34:01Z</datestamp><setSpec>com_2072_1057</setSpec><setSpec>col_2072_478775</setSpec><setSpec>col_2072_478917</setSpec></header><metadata><record xmlns="http://www.loc.gov/MARC21/slim" xmlns:dcterms="http://purl.org/dc/terms/" xmlns:xsi="http://www.w3.org/2001/XMLSchema-instance" xmlns:doc="http://www.lyncode.com/xoai" xsi:schemaLocation="http://www.loc.gov/MARC21/slim http://www.loc.gov/standards/marcxml/schema/MARC21slim.xsd">
   <leader>00925njm 22002777a 4500</leader>
   <datafield ind2=" " ind1=" " tag="042">
      <subfield code="a">dc</subfield>
   </datafield>
   <datafield ind2=" " ind1=" " tag="720">
      <subfield code="a">Balagué, Núria</subfield>
      <subfield code="e">author</subfield>
   </datafield>
   <datafield ind2=" " ind1=" " tag="260">
      <subfield code="c">2011-03-08T08:56:17Z</subfield>
   </datafield>
   <datafield ind2=" " ind1=" " tag="260">
      <subfield code="c">2011-03-08T08:56:17Z</subfield>
   </datafield>
   <datafield ind2=" " ind1=" " tag="260">
      <subfield code="c">2007</subfield>
   </datafield>
   <datafield ind2=" " ind1=" " tag="520">
      <subfield code="a">Podeu consultar la versió en català a http://www.ub.edu/bid/19balag1.htm ; i en anglès a: http://www.ub.edu/bid/19balag3.htm</subfield>
   </datafield>
   <datafield ind2=" " ind1=" " tag="520">
      <subfield code="a">[eng] ISO standard 9001 is one of a set of management tools that libraries have adopted in recent years. This article focuses on libraries in higher education institutions that have received ISO certification of their quality management systems (ISO standard 9001:2000). We examine their reasons for seeking certification and the advantages and difficulties they have encountered in applying this ISO standard. Finally, we consider the future prospects of ISO standard 9001 in university libraries.</subfield>
   </datafield>
   <datafield ind2=" " ind1=" " tag="520">
      <subfield code="a">[cat] La norma ISO 9001 és un dels instruments de gestió que han estat adoptats per les biblioteques durant els darrers anys. En aquest article es presenten els trets principals de les biblioteques d'institucions d'ensenyament superior que han assolit la certificació dels seus sistemes de gestió de la qualitat amb la norma ISO 9001:2000, els motius que les han dut a certificar-se, i els avantatges i les dificultats que els ha comportat aplicar-la. Finalment, s'ofereix una visió prospectiva sobre el futur de la norma ISO 9001 a les biblioteques universitàries.</subfield>
   </datafield>
   <datafield tag="653" ind2=" " ind1=" ">
      <subfield code="a">Norma ISO 9001</subfield>
   </datafield>
   <datafield tag="653" ind2=" " ind1=" ">
      <subfield code="a">Biblioteques universitàries</subfield>
   </datafield>
   <datafield tag="653" ind2=" " ind1=" ">
      <subfield code="a">Qualitat total</subfield>
   </datafield>
   <datafield tag="653" ind2=" " ind1=" ">
      <subfield code="a">ISO 9001 Standard</subfield>
   </datafield>
   <datafield tag="653" ind2=" " ind1=" ">
      <subfield code="a">Academic libraries</subfield>
   </datafield>
   <datafield tag="653" ind2=" " ind1=" ">
      <subfield code="a">Total quality management</subfield>
   </datafield>
   <datafield ind2="0" ind1="0" tag="245">
      <subfield code="a">El uso de la norma de calidad ISO 9001 en las bibliotecas de instituciones de educación superior</subfield>
   </datafield>
</record></metadata></record></GetRecord></OAI-PMH>